| 000 | 01604cam a22003737a 4500 | ||
|---|---|---|---|
| 001 | 14802998 | ||
| 005 | 20070606161005.0 | ||
| 008 | 070410s2006 ne a b 001 0 eng | ||
| 010 | _a 2007296251 | ||
| 015 |
_aGBA570786 _2bnb |
||
| 016 | 7 |
_a013278544 _2Uk |
|
| 020 | _a0080445276 | ||
| 020 | _a9780080445274 | ||
| 035 | _a(OCoLC)ocm61424615 | ||
| 035 | _a(OCoLC)61424615 | ||
| 040 |
_aUKM _cUKM _dBWKUK _dBAKER _dIQU _dYDXCP _dDLC |
||
| 042 | _alccopycat | ||
| 050 | 0 | 0 |
_aTP363 _b.H433 2006 |
| 082 | 0 | 4 |
_a621.4025 _222 _bHEA |
| 245 | 0 | 0 |
_aHeat Transfer and Fluid Flow in Minichannels and Microchannels / _cContributing authors, Satish G. Kandlikar ... [et al.]. |
| 260 |
_aAmsterdam, Netherlands ; _aBoston : _bElsevier, 2006 _cc2006. |
||
| 300 |
_axxiii, 450 p. : _bill. ; _c25 cm. |
||
| 504 | _aIncludes bibliographical references and index. | ||
| 650 | 0 |
_aHeat _xTransmission. _922989 |
|
| 650 | 0 |
_aHeat exchangers. _922990 |
|
| 650 | 0 |
_aHeat exchangers _xFluid dynamics. _922991 |
|
| 650 | 0 |
_aMicromechanics. _922992 |
|
| 700 | 1 |
_aKandlikar, S. G. _q(Satish G.) _922993 |
|
| 856 | 4 | 1 |
_3Table of contents only _uhttp://www.loc.gov/catdir/toc/fy0710/2007296251.html |
| 856 | 4 | 2 |
_3Publisher description _uhttp://www.loc.gov/catdir/enhancements/fy0713/2007296251-d.html |
| 942 |
_2ddc _cBB |
||
| 999 |
_c15094 _d15094 |
||